Microcomputer applications (Record no. 6398)
[ view plain ]
| 000 -LEADER | |
|---|---|
| fixed length control field | 00455 a2200157 4500 |
| 020 ## - INTERNATIONAL STANDARD BOOK NUMBER | |
| International Standard Book Number | 0070241503 |
| 090 ## - LOCALLY ASSIGNED LC-TYPE CALL NUMBER (OCLC); LOCAL CALL NUMBER (RLIN) | |
| -- | 2472 |
| -- | 2472 |
| 100 10 - MAIN ENTRY--PERSONAL NAME | |
| Personal name | Grauer, Robert T. |
| 245 10 - TITLE STATEMENT | |
| Title | Microcomputer applications |
| Statement of responsibility, etc. | / Robert Grauer, Paul Sugrue. |
| 250 ## - EDITION STATEMENT | |
| Edition statement | 3rd ed. |
| 260 0# - PUBLICATION, DISTRIBUTION, ETC. | |
| Place of publication, distribution, etc. | New York |
| Name of publisher, distributor, etc. | : Mitchell McGraw-Hill |
| Date of publication, distribution, etc. | , c1991. |
| 300 ## - PHYSICAL DESCRIPTION | |
| Extent | xxiii, 551 p. |
| Other physical details | : ill. (some col.) |
| Dimensions | ; 26 cm. |
| 650 #0 - SUBJECT ADDED ENTRY--TOPICAL TERM | |
| Topical term or geographic name entry element | Microcomputers. |
| 700 10 - ADDED ENTRY--PERSONAL NAME | |
| Personal name | Sugrue, Paul K. |
| 942 ## - ADDED ENTRY ELEMENTS (KOHA) | |
| Koha item type | Book |
| Call number prefix | 005.4469 GRA |
| Withdrawn status | Lost status | Damaged status | Not for loan | Collection code | Permanent Location | Current Location | Shelving location | Date acquired | Source of acquisition | Total Checkouts | Full call number | Barcode | Date last seen | Price effective from | Koha item type |
|---|---|---|---|---|---|---|---|---|---|---|---|---|---|---|---|
| Central Library (CL) | Central Library (CL) | First Floor - Operating System/ Data Structure | 08/27/2001 | Donation | 005.4469 GRA | SEECS001236 | 11/14/2012 | 01/05/2017 | Book | ||||||
| Central Library (CL) | Central Library (CL) | First Floor - Operating System/ Data Structure | 08/27/2001 | Donation | 005.4469 GRA | SEECS001237 | 11/14/2012 | 01/05/2017 | Book |
